000
00228 a2200097 4500
001
60263
082
_a
330.9 WHI
090
_c
37005
_d
37005
245
_a
Models of Political Economy
_h
English
260
_b
Sage Modern Publication
942
_a
CAE NUST
_k
330.9 WHI
999
_c
295336
_d
295336